MARC

LEADER 00000nam0a2200000 4500
001 317427
005 20231102002956.0
035 |a (RuTPU)RU\TPU\book\342895 
035 |a RU\TPU\book\173720 
090 |a 317427 
100 |a 20160408d1922 km y0rusy50 ca 
101 1 |a rus  |c ger 
102 |a RU 
105 |a y z 000zb 
200 1 |a О сохранении силы (физическое исследование)  |e пер. с нем.  |f Г. Л. Ф. Гельмгольц  |g ред. П. П. Лазарев 
210 |a Москва  |c Государственное изд-во  |d 1922 
215 |a 72 с. 
225 1 |a Классики естествознания  |x Кн. 5 
600 1 |a Гельмгольц  |b Г. Л. Ф.  |c немецкий естествоиспытатель  |f 1821-1893  |g Герман Людвиг Фердинанд  |2 stltpush  |3 (RuTPU)RU\TPU\pers\6201  |9 1207 
610 1 |a физика 
610 1 |a термодинамика 
610 1 |a живая сила 
610 1 |a энергия 
610 1 |a сохранение 
610 1 |a механические теории 
610 1 |a тепло 
610 1 |a электрические процессы 
610 1 |a магнетизм 
610 1 |a электромагнетизм 
610 1 |a эквиваленты 
675 |a 536.72  |v 4 
700 1 |a Гельмгольц  |b Г. Л. Ф.  |g Герман Людвиг Фердинанд 
702 1 |a Лазарев  |b П. П.  |4 340 
801 1 |a RU  |b 63413507  |c 20090519  |g PSBO 
801 2 |a RU  |b 63413507  |c 20200709  |g RCR 
942 |c BK